000 00496nam a2200169Ia 4500
008 180921t2015 xxu||||| |||| 00| 0 sin d
041 _asin
080 _a159.9
_bJAY
100 _aJayawardhana, Tissa
245 _aපෙරභවය හෙළිකළ දරුවන්ගේ සිතුවම්
246 _aPerabhawaya Helikala Daruwange Sithuwam
260 _bGodage
_aColombo
_c2015
300 _b160p, 22cm
942 _cBK
999 _c2695
_d2695
003 LK-CoDNM
040 _aLK-CoDNM
_dLK-CoDNM
_eLK-CoDNM